[Event "Bucharest Grand Prix"]
[Site "Bucharest"]
[Date "2023.04.29"]
[Round "2"]
[White "Pisu, Robert Daniel"]
[Black "Kuzubov, Yuriy"]
[Result "0-1"]
[WhiteElo "2209"]
[BlackElo "2624"]
[PlyCount "108"]
[EventDate "2023.04.29"]
[EventType "swiss (rapid)"]
[EventRounds "10"]
[EventCountry "ROU"]
[SourceTitle "CBM 213 Extra"]
[Source "ChessBase"]
[SourceDate "2023.05.31"]
[SourceVersion "1"]
[SourceVersionDate "2023.05.31"]
[SourceQuality "1"]

1. e4 c5 2. Nf3 Nc6 3. d4 cxd4 4. Nxd4 g6 5. c4 Nf6 6. Nc3 d6 7. Be2 Bg7 8. Be3 0-0 9. 0-0 Nd7 10. Nxc6 bxc6 11. Qd2 a5 12. Rfd1 Qc7 13. Na4 Rb8 14. Rab1 c5 15. Nc3 Ne5 16. Nd5 Qa7 17. Bg5 Nc6 18. b3 a4 19. bxa4 Be6 20. Rdc1 Rfe8 21. Bd1 Bxd5 22. exd5 Nd4 23. Be3 Nf5 24. Rb5 Nxe3 25. fxe3 Qd7 26. Rcb1 Ra8 27. Qd3 Rec8 28. Rb7 Qd8 29. Qe4 Be5 30. h4 Qf8 31. Qf3 Qh6 32. Rxe7 Qxh4 33. Qxf7+ Kh8 34. Rxe5 dxe5 35. Rb7 Rg8 36. Qe7 Qxe7 37. Rxe7 Rge8 38. Rc7 Rac8 39. Rd7 Rf8 40. Re7 Rb8 41. Bb3 Kg8 42. Rxe5 Rfe8 43. Rxe8+ Rxe8 44. Kf2 Kf7 45. Kf3 Kf6 46. e4 Ke5 47. Ke3 h5 48. Bd1 Ra8 49. Kd3 h4 50. Bc2 g5 51. Kc3 g4 52. Bd1 h3 53. gxh3 gxh3 54. Kb3 Rf8 0-1

[Event "ROM-chT"]
[Site "Mamaia"]
[Date "2021.10.04"]
[Round "3.1"]
[White "Ghimpu, Samuel Timotei"]
[Black "Pisu, Robert Daniel"]
[Result "1/2-1/2"]
[WhiteElo "2431"]
[BlackElo "2236"]
[PlyCount "81"]
[EventDate "2021.10.02"]
[EventType "team-tourn"]
[EventRounds "11"]
[EventCountry "ROU"]
[SourceTitle "CBM 204 Extra"]
[Source "ChessBase"]
[SourceDate "2021.11.30"]
[SourceVersion "1"]
[SourceVersionDate "2021.11.30"]
[SourceQuality "1"]
[WhiteTeam "Arad Vados"]
[BlackTeam "Galati Smart"]
[WhiteTeamCountry "ROU"]
[BlackTeamCountry "ROU"]

1. e4 e5 2. Nf3 Nf6 3. Nc3 Bb4 4. Nxe5 0-0 5. Be2 Re8 6. Nd3 Bxc3 7. dxc3 Nxe4 8. 0-0 d6 9. f3 Nf6 10. Nf4 Nc6 11. b3 Bd7 12. Rf2 Qe7 13. Bf1 Qe1 14. Bb2 Qxd1 15. Rxd1 Ne5 16. c4 Re7 17. Rfd2 b6 18. Kf2 a5 19. h3 Bc6 20. a3 Bb7 21. Rd4 Nc6 22. R4d2 Ne5 23. Nd5 Nxd5 24. cxd5 Ba6 25. Bxa6 Rxa6 26. Re2 f6 27. Rde1 Kf7 28. Bxe5 Rxe5 29. Rxe5 fxe5 30. Re4 Ra8 31. Rh4 Rh8 32. Ke3 Ke7 33. Rg4 g6 34. h4 Rf8 35. Re4 Kd7 36. f4 exf4+ 37. Rxf4 Ke7 38. h5 Rxf4 39. Kxf4 Kf6 40. hxg6 Kxg6 41. Kg4 1/2-1/2

[Event "Arad op 13th"]
[Site "Arad"]
[Date "2020.09.27"]
[Round "3"]
[White "Manolache, Marius"]
[Black "Pisu, Robert Daniel"]
[Result "1-0"]
[WhiteElo "2541"]
[BlackElo "2223"]
[PlyCount "57"]
[EventDate "2020.09.25"]
[EventType "swiss"]
[EventRounds "9"]
[EventCountry "ROU"]
[SourceTitle "CBM 198 Extra"]
[Source "ChessBase"]
[SourceDate "2020.11.30"]
[SourceVersion "1"]
[SourceVersionDate "2020.11.30"]
[SourceQuality "1"]

1. d4 Nf6 2. Nf3 g6 3. c3 Bg7 4. Bg5 d5 5. Nbd2 Nbd7 6. h3 c5 7. e3 0-0 8. Be2 b6 9. 0-0 Bb7 10. a4 Ne4 11. Nxe4 dxe4 12. Nd2 h6 13. Bh4 cxd4 14. cxd4 g5 15. Bg3 e5 16. Nc4 exd4 17. exd4 f5 18. Qb3 Bd5 19. Qb5 Nf6 20. Be5 Be6 21. a5 Qd7 22. Nd6 Rfd8 23. axb6 Qxb5 24. Nxb5 axb6 25. Rxa8 Rxa8 26. Nc7 Bd5 27. Nxa8 Bxa8 28. Bc4+ Kh7 29. Ra1 1-0

[Event "Vienna op"]
[Site "Vienna"]
[Date "2019.08.18"]
[Round "2"]
[White "Shengelia, Davit"]
[Black "Pisu, Robert Daniel"]
[Result "1-0"]
[WhiteElo "2523"]
[BlackElo "2252"]
[PlyCount "66"]
[EventDate "2019.08.17"]
[EventType "swiss"]
[EventRounds "9"]
[EventCountry "AUT"]
[SourceTitle "EXT 2020"]
[Source "ChessBase"]
[SourceDate "2019.10.17"]
[SourceVersion "1"]
[SourceVersionDate "2019.10.17"]
[SourceQuality "1"]

1. Nf3 Nf6 2. b3 d5 3. Bb2 Bf5 4. g3 h6 5. Bg2 e6 6. d3 Be7 7. Nbd2 c5 8. e4 dxe4 9. dxe4 Bh7 10. Qe2 0-0 11. 0-0 Nc6 12. e5 Nd7 13. c4 Qc7 14. a3 Rfd8 15. Qe3 a6 16. h4 Bf5 17. Rfe1 Rab8 18. Bf1 b6 19. Qf4 Nf8 20. h5 Nd4 21. Bxd4 cxd4 22. Ne4 Nd7 23. b4 a5 24. Nxd4 Bh7 25. Nd6 Nxe5 26. N4b5 Qd7 27. Rad1 f6 28. Bh3 Bxd6 29. Rxd6 Qe7 30. Bxe6+ Kh8 31. Red1 Nd3 32. Qd4 Rxd6 33. Qxd6 Qxd6 1-0

[Event "Alba Iulia Romania 100 op"]
[Site "Alba Iulia"]
[Date "2018.11.16"]
[Round "7"]
[White "Istratescu, Andrei"]
[Black "Pisu, Robert Daniel"]
[Result "1-0"]
[WhiteElo "2565"]
[BlackElo "2236"]
[PlyCount "55"]
[EventDate "2018.11.12"]
[EventType "swiss"]
[EventRounds "9"]
[EventCountry "ROU"]
[SourceTitle "CBM 187 Extra"]
[Source "ChessBase"]
[SourceDate "2018.11.04"]
[SourceVersion "1"]
[SourceVersionDate "2018.11.04"]
[SourceQuality "1"]

1. e4 e5 2. Nf3 Nc6 3. Bb5 Nf6 4. d3 Bc5 5. 0-0 Nd4 6. Nxd4 Bxd4 7. c3 Bb6 8. Na3 c6 9. Ba4 d6 10. Nc4 Bc7 11. Bb3 Be6 12. Bg5 h6 13. Bh4 g5 14. Bg3 Qe7 15. Ne3 h5 16. f3 h4 17. Bf2 Nh5 18. d4 Nf4 19. Bxe6 Qxe6 20. dxe5 0-0-0 21. exd6 Bxd6 22. Qc2 g4 23. Nxg4 f5 24. exf5 Ne2+ 25. Kh1 Qc4 26. Rfe1 Ng3+ 27. Kg1 Rdg8 28. Rad1 1-0

[Event "Alba Iulia Romania 100 op"]
[Site "Alba Iulia"]
[Date "2018.11.13"]
[Round "2"]
[White "Pisu, Robert Daniel"]
[Black "Svetushkin, Dmitry"]
[Result "1-0"]
[WhiteElo "2236"]
[BlackElo "2605"]
[PlyCount "79"]
[EventDate "2018.11.12"]
[EventType "swiss"]
[EventRounds "9"]
[EventCountry "ROU"]
[SourceTitle "CBM 187 Extra"]
[Source "ChessBase"]
[SourceDate "2018.11.04"]
[SourceVersion "1"]
[SourceVersionDate "2018.11.04"]
[SourceQuality "1"]

1. d4 Nf6 2. c4 e6 3. Nc3 Bb4 4. Qc2 0-0 5. Nf3 c5 6. dxc5 Na6 7. g3 Nxc5 8. Bg2 Nfe4 9. 0-0 Bxc3 10. bxc3 d6 11. Nd4 f5 12. Rd1 Qe7 13. Nb3 Rd8 14. Be3 Qc7 15. f3 Nxb3 16. axb3 Nc5 17. f4 Nd7 18. Qd3 Nc5 19. Bxc5 Qxc5+ 20. Qd4 Qc7 21. Rxa7 Rxa7 22. Qxa7 h6 23. Qd4 b6 24. e4 fxe4 25. Qxe4 b5 26. Qc6 Qa7+ 27. c5 d5 28. Qxb5 Qa2 29. Qb6 Rf8 30. c6 Qc2 31. Qd4 Qxb3 32. Re1 Qa3 33. Qb4 Qa2 34. Qc5 Rf7 35. Bh3 Ra7 36. Qd6 Qd2 37. Bxe6+ Kh7 38. Qe5 Bxe6 39. Qxe6 Qxc3 40. Qe3 1-0

[Event "ROM-chT2"]
[Site "Gilau"]
[Date "2018.10.08"]
[Round "2.1"]
[White "Calin, Alexandru"]
[Black "Pisu, Robert Daniel"]
[Result "1/2-1/2"]
[WhiteElo "2165"]
[BlackElo "2234"]
[PlyCount "45"]
[EventDate "2018.10.07"]
[EventType "team-swiss"]
[EventRounds "9"]
[EventCountry "ROU"]
[SourceTitle "CBM 187 Extra"]
[Source "ChessBase"]
[SourceDate "2018.11.04"]
[SourceVersion "1"]
[SourceVersionDate "2018.11.04"]
[SourceQuality "1"]
[WhiteTeam "Arad"]
[BlackTeam "Galati Smart"]
[WhiteTeamCountry "ROU"]
[BlackTeamCountry "ROU"]

1. d4 Nf6 2. c4 c5 3. d5 e6 4. Nc3 exd5 5. cxd5 d6 6. e4 g6 7. Nf3 Bg7 8. Nd2 0-0 9. Be2 Re8 10. 0-0 a6 11. a4 Nbd7 12. f4 c4 13. e5 dxe5 14. Nxc4 Nb6 15. fxe5 Ng4 16. Nd6 Bxe5 17. Nxe8 Qh4 18. h3 Qg3 19. Bxg4 Qh2+ 20. Kf2 Qg3+ 21. Kg1 Qh2+ 22. Kf2 Qg3+ 23. Kg1 1/2-1/2

[Event "Arad op 11th"]
[Site "Arad"]
[Date "2018.08.10"]
[Round "7"]
[White "Magold, Victor"]
[Black "Pisu, Robert Daniel"]
[Result "0-1"]
[WhiteElo "2032"]
[BlackElo "2282"]
[PlyCount "100"]
[EventDate "2018.08.05"]
[EventType "swiss"]
[EventRounds "9"]
[EventCountry "ROU"]
[SourceTitle "CBM 185 Extra"]
[Source "ChessBase"]
[SourceDate "2018.07.29"]
[SourceVersion "1"]
[SourceVersionDate "2018.07.29"]
[SourceQuality "1"]

1. Nf3 d5 2. d4 c6 3. Bf4 Nf6 4. h3 e6 5. e3 Bd6 6. Bxd6 Qxd6 7. Bd3 Nbd7 8. Nbd2 e5 9. dxe5 Nxe5 10. Nxe5 Qxe5 11. c3 0-0 12. 0-0 Re8 13. Nf3 Qe7 14. Qc2 Ne4 15. Rac1 Bf5 16. Rfd1 Rad8 17. Nd4 Bg6 18. Qe2 Rd6 19. c4 dxc4 20. Bxc4 Red8 21. Nf3 Bh5 22. Rxd6 Rxd6 23. Rd1 Ng5 24. Rxd6 Qxd6 25. Qd3 Nxf3+ 26. gxf3 Qxd3 27. Bxd3 Bxf3 28. Kh2 Bd5 29. a3 g6 30. Kg3 Kg7 31. Kf4 Kf6 32. h4 h6 33. e4 g5+ 34. hxg5+ hxg5+ 35. Kg3 Bb3 36. f4 c5 37. fxg5+ Kxg5 38. Kf3 Kf6 39. Kf4 Ke6 40. Be2 Kd6 41. Bh5 b5 42. e5+ Kc6 43. Kf5 Be6+ 44. Kf6 Kd5 45. Bf3+ Kd4 46. Bc6 a6 47. Be8 Kd5 48. a4 b4 49. a5 c4 50. Ba4 b3 0-1

[Event "Arad op 11th"]
[Site "Arad"]
[Date "2018.08.07"]
[Round "4"]
[White "Pisu, Robert Daniel"]
[Black "Leszko, Bence"]
[Result "1/2-1/2"]
[WhiteElo "2282"]
[BlackElo "2011"]
[PlyCount "71"]
[EventDate "2018.08.05"]
[EventType "swiss"]
[EventRounds "9"]
[EventCountry "ROU"]
[SourceTitle "CBM 185 Extra"]
[Source "ChessBase"]
[SourceDate "2018.07.29"]
[SourceVersion "1"]
[SourceVersionDate "2018.07.29"]
[SourceQuality "1"]

1. g3 e6 2. Bg2 d5 3. c4 f5 4. Nf3 Nf6 5. b3 c6 6. 0-0 Bd6 7. Bb2 0-0 8. Qc2 Qe7 9. Be5 Nbd7 10. Bxd6 Qxd6 11. cxd5 Nxd5 12. d4 e5 13. dxe5 Nxe5 14. Nbd2 Nxf3+ 15. Nxf3 Nf6 16. Rfd1 Qe7 17. e3 Be6 18. Nd4 g6 19. Nxe6 Qxe6 20. Rd4 Rad8 21. Rad1 Rxd4 22. Rxd4 Qe7 23. Qd2 Qc7 24. Rd6 Rf7 25. Qd4 c5 26. Qe5 b6 27. Bf1 Kg7 28. Bc4 Qe7 29. Re6 Qc7 30. Rd6 Qe7 31. Be6 Qe8 32. Qc3 Qe7 33. Qe5 Qe8 34. Qc3 Qe7 35. Rc6 Qe8 36. Rd6 1/2-1/2

[Event "ROM-ch"]
[Site "Olanesti"]
[Date "2018.05.18"]
[Round "5"]
[White "Nevednichy, Vladislav"]
[Black "Pisu, Robert Daniel"]
[Result "1-0"]
[WhiteElo "2532"]
[BlackElo "2254"]
[PlyCount "73"]
[EventDate "2018.05.14"]
[EventType "swiss"]
[EventRounds "9"]
[EventCountry "ROU"]
[SourceTitle "CBM 184 Extra"]
[Source "ChessBase"]
[SourceDate "2018.06.28"]
[SourceVersion "1"]
[SourceVersionDate "2018.06.28"]
[SourceQuality "1"]

1. e4 e5 2. Nf3 Nc6 3. Bc4 Bc5 4. c3 Nf6 5. d4 exd4 6. e5 d5 7. Be2 Ne4 8. cxd4 Bb4+ 9. Bd2 Nxd2 10. Nbxd2 0-0 11. 0-0 Bg4 12. h3 Bxf3 13. Nxf3 Ba5 14. Rc1 Bb6 15. Bb5 Ne7 16. Bd3 Ng6 17. g3 Re8 18. Kg2 Nf8 19. Bb1 Ne6 20. Qd3 g6 21. h4 h5 22. Rcd1 Kg7 23. Rfe1 c6 24. Re2 Qe7 25. Qe3 Rad8 26. a3 Qf8 27. Ng5 Nxg5 28. hxg5 c5 29. Qf3 Qe7 30. Qf6+ Qxf6 31. gxf6+ Kf8 32. dxc5 Bxc5 33. f4 Bb6 34. g4 d4 35. gxh5 d3 36. hxg6 fxg6 37. Rxd3 1-0

[Event "ROM-ch"]
[Site "Olanesti"]
[Date "2018.05.16"]
[Round "3"]
[White "Iustin, Silviu"]
[Black "Pisu, Robert Daniel"]
[Result "0-1"]
[WhiteElo "1962"]
[BlackElo "2254"]
[PlyCount "68"]
[EventDate "2018.05.14"]
[EventType "swiss"]
[EventRounds "9"]
[EventCountry "ROU"]
[SourceTitle "CBM 184 Extra"]
[Source "ChessBase"]
[SourceDate "2018.06.28"]
[SourceVersion "1"]
[SourceVersionDate "2018.06.28"]
[SourceQuality "1"]

1. e4 c6 2. d4 d5 3. e5 g6 4. c4 Bg7 5. Nc3 dxc4 6. Bxc4 Nh6 7. Bxh6 Bxh6 8. Nge2 0-0 9. h4 Kg7 10. f3 f5 11. f4 Nd7 12. 0-0 Nb6 13. Bb3 e6 14. g3 Nd5 15. Bxd5 exd5 16. Na4 b6 17. Rc1 Bb7 18. Rf3 Qe7 19. Rfc3 Rac8 20. a3 Rfd8 21. b4 Kh8 22. Kh2 Bf8 23. Ng1 Qe8 24. Nf3 Ba6 25. Nb2 c5 26. bxc5 bxc5 27. dxc5 d4 28. Nxd4 Rd5 29. c6 Qd8 30. c7 Qd7 31. e6 Qg7 32. Qa4 Qxd4 33. Qc6 Qf2+ 34. Kh3 Bf1+ 0-1

[Event "ROM-ch"]
[Site "Olanesti"]
[Date "2018.05.15"]
[Round "2"]
[White "Pisu, Robert Daniel"]
[Black "Georgescu, Tiberiu Marian"]
[Result "0-1"]
[WhiteElo "2254"]
[BlackElo "2476"]
[PlyCount "106"]
[EventDate "2018.05.14"]
[EventType "swiss"]
[EventRounds "9"]
[EventCountry "ROU"]
[SourceTitle "CBM 184 Extra"]
[Source "ChessBase"]
[SourceDate "2018.06.28"]
[SourceVersion "1"]
[SourceVersionDate "2018.06.28"]
[SourceQuality "1"]

1. Nf3 d5 2. g3 g6 3. c4 c6 4. cxd5 cxd5 5. Bg2 Bg7 6. d4 Nc6 7. Nc3 Nh6 8. 0-0 Nf5 9. Bf4 0-0 10. e3 e6 11. g4 Nd6 12. Ne5 Nxe5 13. Bxe5 Bxe5 14. dxe5 Nc4 15. Qd4 Qg5 16. b3 Na5 17. Qf4 Qxf4 18. exf4 Nc6 19. Rfe1 f6 20. Rad1 fxe5 21. fxe5 Bd7 22. h3 Rac8 23. Ne2 g5 24. Rd2 h6 25. h4 Nxe5 26. Nd4 Nxg4 27. Nxe6 Bxe6 28. Rxe6 Rc1+ 29. Bf1 Rf5 30. Kg2 Kf7 31. Rd6 gxh4 32. R6xd5 h3+ 33. Kxh3 Rxd5 34. Rxd5 Nf6 35. Rb5 Rxf1 36. Rxb7+ Kg6 37. Kg2 Rb1 38. Rxa7 Rb2 39. Ra4 h5 40. Kg3 Rd2 41. f3 Nd7 42. Ra5 Rd4 43. a4 Nf8 44. Ra6+ Kg5 45. Ra5+ Kh6 46. Rb5 h4+ 47. Kh3 Nh7 48. a5 Ng5+ 49. Kg2 Rd2+ 50. Kf1 h3 51. Rb6+ Kh5 52. Rb8 Kh4 53. b4 Ra2 0-1

[Event "ROM-chT2"]
[Site "Slanic Moldova"]
[Date "2017.10.04"]
[Round "5.1"]
[White "Pisu, Robert Daniel"]
[Black "Zubcu, Vlad George"]
[Result "1/2-1/2"]
[WhiteElo "2280"]
[BlackElo "2099"]
[PlyCount "172"]
[EventDate "2017.09.30"]
[EventType "team-tourn"]
[EventRounds "9"]
[EventCountry "ROU"]
[SourceTitle "CBM 181 Extra"]
[Source "ChessBase"]
[SourceDate "2017.12.12"]
[SourceVersion "1"]
[SourceVersionDate "2017.12.12"]
[SourceQuality "1"]
[WhiteTeam "Constanta Fianchetto"]
[BlackTeam "Arad CSU"]
[WhiteTeamCountry "ROU"]
[BlackTeamCountry "ROU"]

1. d4 Nf6 2. c4 e6 3. Nf3 Bb4+ 4. Nbd2 b6 5. a3 Bxd2+ 6. Bxd2 Bb7 7. e3 0-0 8. Bd3 Ne4 9. Bb4 d6 10. Nd2 Nxd2 11. Bxd2 Nd7 12. Qc2 f5 13. Rg1 Qh4 14. 0-0-0 Nf6 15. f3 c5 16. g3 Qh3 17. d5 b5 18. dxe6 Bxf3 19. Rdf1 Be4 20. g4 Nxg4 21. e7 Rf6 22. Bxe4 fxe4 23. Rxf6 Nxf6 24. cxb5 Qxh2 25. Rd1 Qe5 26. Qc4+ Qd5 27. Qa4 Qb7 28. Bc3 Qxe7 29. Bxf6 Qxf6 30. Qxe4 Rd8 31. Qc4+ Kh8 32. Rf1 Qe5 33. e4 h6 34. Rf7 d5 35. Qxc5 Qxe4 36. Rxa7 Re8 37. Rf7 d4 38. Rf8+ Rxf8 39. Qxf8+ Kh7 40. Qf2 Qh1+ 41. Kd2 Qd5 42. a4 h5 43. Kd3 Qb3+ 44. Kxd4 Qxa4+ 45. Kc5 Qa7+ 46. b6 Qe7+ 47. Kb5 Qe8+ 48. Ka5 Qa8+ 49. Kb4 Qe4+ 50. Kc5 h4 51. b7 Qxb7 52. Qxh4+ Kg6 53. Qg4+ Kh6 54. Qh4+ Kg6 55. Qg4+ Kh6 56. Qe6+ g6 57. b4 Qc7+ 58. Qc6 Qe7+ 59. Qd6 Qa7+ 60. Kc4 Qa2+ 61. Kb5 Qe2+ 62. Kb6 Qe3+ 63. Qc5 Qe6+ 64. Qc6 Qe3+ 65. Qc5 Qe6+ 66. Kc7 Qf7+ 67. Kc6 Qe8+ 68. Kd5 Qf7+ 69. Kd4 Qf4+ 70. Kd3 Qf1+ 71. Kc3 Qf3+ 72. Kc4 Qf1+ 73. Kb3 Qd1+ 74. Qc2 Qd5+ 75. Qc4 Qf3+ 76. Qc3 Qd5+ 77. Qc4 Qf3+ 78. Kb2 Qf2+ 79. Kc3 Qf3+ 80. Qd3 Qc6+ 81. Kb3 Qe6+ 82. Ka3 Qe7 83. Qd4 Qe8 84. Qh4+ Kg7 85. Qd4+ Kh6 86. Qd5 Qe3+ 1/2-1/2

[Event "Miercurea Ciuc Bancpost op 20th"]
[Site "Miercurea Ciuc"]
[Date "2017.08.22"]
[Round "6"]
[White "Pisu, Robert Daniel"]
[Black "Baratosi, Daniel"]
[Result "0-1"]
[WhiteElo "2261"]
[BlackElo "2370"]
[PlyCount "100"]
[EventDate "2017.08.17"]
[EventType "swiss"]
[EventRounds "9"]
[EventCountry "ROU"]
[SourceTitle "EXT 2020"]
[Source "ChessBase"]
[SourceDate "2019.10.17"]
[SourceVersion "1"]
[SourceVersionDate "2019.10.17"]
[SourceQuality "1"]

1. d4 b6 2. Bf4 Bb7 3. e3 e6 4. Nf3 d6 5. Nbd2 Nd7 6. h3 g6 7. e4 Bg7 8. Bc4 h6 9. Qe2 a6 10. c3 Ne7 11. Bb3 0-0 12. h4 Nf6 13. 0-0-0 a5 14. Nh2 c5 15. dxc5 bxc5 16. Ng4 Nxg4 17. Qxg4 a4 18. Bc2 a3 19. b3 f5 20. exf5 exf5 21. Qg3 Nd5 22. Nb1 Nxf4 23. Qxf4 d5 24. Rhe1 Ra6 25. Bd3 Rb6 26. Qa4 Qf6 27. Qxa3 c4 28. bxc4 Ra8 29. Qxa8+ Bxa8 30. Re8+ Kh7 31. Rxa8 Rxb1+ 32. Kxb1 Qxc3 33. Rb8 dxc4 34. Bxc4 Qxc4 35. Rdd8 Qf1+ 36. Kc2 Qxf2+ 37. Rd2 Qxh4 38. Rb3 Qc4+ 39. Kd1 h5 40. Rb7 Kh6 41. Rdd7 Qf1+ 42. Kc2 Qxg2+ 43. Kd3 Qe4+ 44. Kd2 Bd4 45. Re7 Qf4+ 46. Kd3 Be5 47. Rbd7 h4 48. Rf7 Qf3+ 49. Kc4 Qc6+ 50. Kd3 h3 0-1

[Event "Miercurea Ciuc Bancpost op 20th"]
[Site "Miercurea Ciuc"]
[Date "2017.08.21"]
[Round "5"]
[White "Pisu, Robert Daniel"]
[Black "Nester, Ihor"]
[Result "0-1"]
[WhiteElo "2261"]
[BlackElo "2354"]
[PlyCount "84"]
[EventDate "2017.08.17"]
[EventType "swiss"]
[EventRounds "9"]
[EventCountry "ROU"]
[SourceTitle "EXT 2020"]
[Source "ChessBase"]
[SourceDate "2019.10.17"]
[SourceVersion "1"]
[SourceVersionDate "2019.10.17"]
[SourceQuality "1"]

1. d4 f5 2. g3 Nf6 3. Bg2 e6 4. Nf3 Be7 5. c4 0-0 6. 0-0 d6 7. Nc3 Ne4 8. Nxe4 fxe4 9. Nd2 d5 10. f3 Nc6 11. fxe4 Rxf1+ 12. Kxf1 dxc4 13. Nf3 Rb8 14. Be3 b5 15. Qd2 Qe8 16. b3 Qh5 17. Kg1 a5 18. bxc4 bxc4 19. Rc1 Ba6 20. d5 exd5 21. exd5 Bb4 22. Qc2 Ne5 23. Bd4 Nxf3+ 24. Bxf3 Qg5 25. Rd1 Qe7 26. e4 Bc5 27. Qf2 Bxd4 28. Qxd4 Qf6 29. Qa7 Rf8 30. Be2 c3 31. Bxa6 c2 32. Rc1 Qc3 33. Bf1 Qd2 34. Rxc2 Qxc2 35. Qd4 Qb1 36. Qc4 Qb6+ 37. Kh1 Qf2 38. Bd3 Qf3+ 39. Kg1 Qe3+ 40. Kh1 Kh8 41. Qb5 h6 42. a4 Rf2 0-1

[Event "Miercurea Ciuc Bancpost op 20th"]
[Site "Miercurea Ciuc"]
[Date "2017.08.20"]
[Round "4"]
[White "Istratescu, Andrei"]
[Black "Pisu, Robert Daniel"]
[Result "1/2-1/2"]
[WhiteElo "2604"]
[BlackElo "2261"]
[PlyCount "81"]
[EventDate "2017.08.17"]
[EventType "swiss"]
[EventRounds "9"]
[EventCountry "ROU"]
[SourceTitle "EXT 2020"]
[Source "ChessBase"]
[SourceDate "2019.10.17"]
[SourceVersion "1"]
[SourceVersionDate "2019.10.17"]
[SourceQuality "1"]

1. d4 Nf6 2. c4 e6 3. Nf3 d5 4. Nc3 dxc4 5. e4 Bb4 6. Bg5 c5 7. Bxc4 cxd4 8. Nxd4 Bxc3+ 9. bxc3 Qa5 10. Bxf6 Qxc3+ 11. Kf1 gxf6 12. Rc1 Qa5 13. Bb5+ Ke7 14. e5 fxe5 15. Qh5 Nd7 16. Qg5+ Kf8 17. Rxc8+ Rxc8 18. Bxd7 Qd8 19. Nxe6+ fxe6 20. Qh6+ Ke7 21. Qxe6+ Kf8 22. Qh6+ Ke7 23. Qg7+ Kd6 24. Bxc8 Qxc8 25. Qf6+ Qe6 26. Qxe6+ Kxe6 27. Ke2 Rc8 28. Rb1 Rc2+ 29. Ke3 b6 30. a4 Rc3+ 31. Ke2 Ra3 32. Rb4 Kd5 33. g3 e4 34. h4 Ra2+ 35. Ke3 Ra3+ 36. Ke2 Ra2+ 37. Kf1 Ra1+ 38. Kg2 Ra2 39. Kf1 Ra1+ 40. Kg2 Ra2 41. Kf1 1/2-1/2